000 00484nam a22001812 4500
001 0000004204
005 20170406115636.0
008 140828s xx 000 0 eng d
020 _c$
040 _aYour Holding Symbol
_cYour Holding Symbol
100 1 _aStowe,Beecher.Harriet.
245 1 0 _aUncle tom's cabin.
250 _a ed.
260 _alondon :
_bEveryman's library,
_c1995.
300 _a494 p. ;
_c cm.
650 0 _aliterature.
908 _a140828
999 _c4041
_d4041